|
|
|
|
| LEADER |
00000cam a2200000 a 4500 |
| 001 |
44011 |
| 005 |
20230308154500.0 |
| 008 |
982100|1980 ||||||||r|||||||||||spa|| |
| 040 |
|
|
|b spa
|
| 041 |
0 |
|
|a Es
|
| 082 |
0 |
|
|a 860
|b A338h
|
| 100 |
1 |
|
|a Alborg, Juan Luis.
|9 5438
|
| 245 |
1 |
1 |
|a Historia de la literatura española
|c Juan Luis Alborg
|h imp
|
| 264 |
|
|
|a Madrid
|b Gredos
|c 1980
|
| 520 |
3 |
|
|a Contiene: Edad Media, Renacimiento, Epoca barroca, siglo XVIII, romanticismo
|
| 650 |
1 |
|
|a Literatura española
|9 218293
|
| 852 |
|
|
|a UC-CDJBV
|c TERCER PISO
|f Compra
|k margarita.gutierrez
|l 1
|m General
|p 19821004
|q 1.00
|r 8
|t 44011
|b 0
|d CDRC
|e CDRC
|g 860 A338h TERCER PISO
|z 1982-21-00
|
| 942 |
|
|
|c BK
|
| 999 |
|
|
|c 1932
|d 1932
|